000
00218nam a22000857a 4500
008
170626b xxu||||| |||| 00| 0 eng d
100
_9
3712
_a
Ravi. S
245
_a
Together with English -X
260
_a
New Delhi
_b
Rachana
_c
2008
999
_c
7133
_d
7133